00290nam a2200121Ia 45000030006000000080041000060400015000471000017000622450033000792600027001125460012001390050017001510STCL150530s9999 xx 000 0 und d aSTCLcSTCL aMiller, G.A. aPsychology and communication bVoice of Americac1974 aEnglish20220125165313.0